Представление документа в формате MARC21

Поле Инд. ПП Название Значение
Тип записи a
Библиографический уровень b
001 Контрольный номер RU/IS/BASE/386781469
005 Дата корректировки 20200522191519.1
008 Кодируемые данные 20120403
084 a Индекс другой классификации/Индекс ББК 65.049
100 1_ a Автор Исмаилов Т.
245 a Заглавие Стратегии развития регионов и европейский выбор России
504 a Библиография Библиогр. - Примеч.
520 a Аннотация Рассматриваются концептуальные вопросы стратегического управления в территориальном развитии России в контексте интеграционных процессов, происходящих в мировой экономической системе, в первую очередь, на пространстве Европейского союза и России, а также необходимые условия для привлечения в регионы иностранных инвестиций и мобилизации внутренних инвестиционных возможностей.
650 a Основная рубрика региональная экономика
a Основная рубрика экономика
653 a Ключевые слова единое экономическое пространство (ЕЭП)
a Ключевые слова инвестиции
a Ключевые слова иностранные инвестиции
a Ключевые слова промышленная политика
a Ключевые слова промышленность
a Ключевые слова региональные стратегии
a Ключевые слова Россия
a Ключевые слова социально-экономическое развитие
a Ключевые слова стратегическое управление
a Ключевые слова управление регионами
a Ключевые слова экономическая интеграция
a Ключевые слова экономические модели
773 t Заглавие источника РИСК: ресурсы, информация, снабжение, конкуренция
d Дата издания источника 2011
g Прочая информация № 4. - С. 473 - 479
w Контрольный № источника RU/IS/BASE/384345860
901 t Тип документа b